000 01987cam a2200241 4500
001 L137021
008 110830s2006 xxk f 000 0 eng d
035 _a(Sirsi) u137021
041 0 _aeng
050 0 4 _a333.335076 $2 18
110 2 _aRoyal Institution of Chartered Surveyors
_bRural Faculty
_94160
245 0 0 _aYour pathway to qualifying in rural surveying
_h[electronic resource]
260 _aLondon
_bRICS
_c2006
505 2 _aPathway requirements: rural APC; Rural ATC -- Competency guidance: access and rights over land; accounting principles and procedures; agriculture; auctioneering; capital taxation; compulsory purchase and compensation; conflict avoidance, management and dispute resolution procedures; development appraisals; forestry and woodland management; investment management (including fund and portfolio management); landlord and tenant (including rent reviews and lease renewals); land use and diversification; management of the natural environment and landscape; planning; property finance and funding; property management; purchase and sale; strategic real estate consultancy; sustainability; valuation.
520 _aProvides information on rural surveying with a general overview of the rural pathways. Lists the competency requirements of the rural APC and ATC pathways (as set out in the APC/ATC Requirements and competencies guide July 2006). Describes the main technical competencies associated with rural surveying, providing expanded sector specific guidance on each of them.
590 _aKA
651 4 _aUnited Kingdom
_y
690 _aCAREERS, EDUCATION AND TRAINING-QUALIFICATION ROUTES
690 _aCAREERS, EDUCATION AND TRAINING-CAREERS IN SURVEYING-CAREERS IN RURAL SURVEYING
690 _aCAREERS, EDUCATION AND TRAINING-QUALIFICATION ROUTES-ASSESSMENT OF PROFESSIONAL COMPETENCE
856 4 8 _uhttps://www.rics.org/site/download_feed.aspx?fileID=157&fileExtension=PDF
_zView the guide free of charge at www.rics.org
942 _n0
999 _c106599
_d106599